000 00580nam a2200217 a 4500
001 0001-1977
003 ELIB.Books
008 190122 2010 eng
020 _a0310206766
092 _a268.432 Hyb
_bHyb
100 _aHybels, Bill.
245 _aParenthood
_bRising to the Challenge of a Lifetime
260 _aGrand Rapids, Michigan
_bZondervan
_c1996
300 _a91
_c20.4 cm
650 _aParenting
856 _nKBTS Library
_uKBTS Elib
942 _2ddc
_cBK
990 _a2
998 _aEnglishbooks.elf
_ccat
_e2019-01-22
999 _c11977
_d11977